Thời tôi đang sống : Tuyển tập các bài thơ hay từ các cuộc thi thơ "Bút Mới" của báo Tuổi Trẻ
Spremljeno u:
| Format: | Knjiga |
|---|---|
| Jezik: | Undetermined |
| Izdano: |
Thành phố Hồ Chí Minh
Trẻ
2008
|
| Teme: | |
| Oznake: |
Dodaj oznaku
Bez oznaka, Budi prvi tko označuje ovaj zapis!
|
| Thư viện lưu trữ: | Trung tâm Học liệu Trường Đại học Cần Thơ |
|---|
| LEADER | 00657nam a2200193Ia 4500 | ||
|---|---|---|---|
| 001 | CTU_132546 | ||
| 008 | 210402s9999 xx 000 0 und d | ||
| 020 | |c 20000 | ||
| 082 | |a 895.9221008 | ||
| 082 | |b Th462 | ||
| 245 | 0 | |a Thời tôi đang sống : | |
| 245 | 0 | |b Tuyển tập các bài thơ hay từ các cuộc thi thơ "Bút Mới" của báo Tuổi Trẻ | |
| 260 | |a Thành phố Hồ Chí Minh | ||
| 260 | |b Trẻ | ||
| 260 | |c 2008 | ||
| 650 | |a Vietnamese poetry,Thơ Việt Nam | ||
| 650 | |x Collections,Bộ sưu tập | ||
| 904 | |i Tuyến | ||
| 980 | |a Trung tâm Học liệu Trường Đại học Cần Thơ | ||